An introduction to research in counselling and psychotherapy

Guardat en:
Dades bibliogràfiques
Autor principal: MCLEOD, John
Format: Llibre
Idioma:anglès
Publicat: Sage Publications, 2013.
Etiquetes: Afegir etiqueta
Sense etiquetes, Sigues el primer a etiquetar aquest registre!

MARC

LEADER 00000nam a22000007a 4500
008 210419b ||||| |||| 00| 0 eng d
020 |a 978-1-4462-0141-1 
100 |a MCLEOD, John 
245 |a An introduction to research in counselling and psychotherapy  |c John Mcleod  |g xii, 255p. 
260 |b Sage Publications,   |c 2013.  |h Los Angeles:   |i 692735  |i 692736   |l BF636.6 .M22  |m Counselling – Research.  |m Psychotherapy – Research. 
500 |a “It includes references and index”. 
942 |a lcc  |c BK  |e Adeniran F. A  |f 19/04/2021 
952 |0 0  |1 0  |2 lcc  |4 0  |6 BF06366 M22  |7 0  |9 2193  |a HOL  |b ED  |c AF  |d 2021-04-19  |l 0  |o BF636.6 .M22  |p 2021-6047  |r 2021-04-19 00:00:00  |w 2021-04-19  |y BK 
952 |0 0  |1 0  |2 lcc  |4 0  |6 BF06366 M22  |7 0  |9 2194  |a HOL  |b HOL  |c AF  |d 2021-04-19  |l 0  |o BF636.6 .M22  |p 2021-6048  |r 2021-04-19 00:00:00  |w 2021-04-19  |y BK 
999 |c 1144  |d 1144